00682nam a2200205Ia 4500008004100000020001800041040001800059041000800077245008100085260004500166300002300211490003800234504005300272650002400325650002900349650001800378650002500396700002800421700002700449130821s2004 xxk gr eng  a1 84376 645 0 aCo-BoUCMbspa00aeng00aNew perspectives on economic crimecHans Sjögren y Göran Skogh, editores aCheltenham (Reino Unido)bE. Elgarc2004 avii, 168 páginas 0aNew horizons in law and economics aIncluye referencias bibliográficas e índice. aDelitos comerciales aDelitos de cuello blanco aDerecho penal aDerecho y economía1 aSjögren, Hanseeditor1 aSkogh, Göraneeditor